Supervivencia - Plantas comestibles España - Estadísticas

Estadísticas generales
  • Esta prueba ha sido intentada 23 veces
  • La puntuación promedio es 8 de 21
Answers on the Grid
Answers color-coded by a green-red scale on the quiz's grid according to % correct below.
Acedera
Acónito
Adelfa
Almez (fruto)
Amanita phalloides
Arándanos
Belladona (fruto)
Berro
Boletus
Borraja
Cardo mariano
Cicuta
Diente de león
Digitalis
Escaramujo / Rosa canina (fruto)
Espárrago
Estramonio
Hiedra (frutos)
Hinojo
Junco churrero
Lechetrezna
Llantén
Madroño (fruto)
Majuelo / Espino albar (fruto)
Níscalo
Ortiga
Ricino
Romaza
Torvisco
Uña de gato
Verdolaga
Zarzamora (fruto)
 
Estadísticas de respuestas
Respuesta % Correcto
Arándanos
80%
Espárrago
67%
Boletus
60%
Zarzamora (fruto)
53%
Berro
47%
Hinojo
47%
Madroño (fruto)
47%
Níscalo
40%
Acedera
33%
Almez (fruto)
33%
Borraja
33%
Cardo mariano
33%
Diente de león
33%
Majuelo / Espino albar (fruto)
33%
Ortiga
27%
Uña de gato
27%
Escaramujo / Rosa canina (fruto)
20%
Junco churrero
20%
Romaza
20%
Verdolaga
20%
Llantén
7%
No se encontraron pruebas coincidentes
Distribución de puntuación
Porcentaje de gente con cada puntuación
Porcentaje por número respondido
Historial de tus puntuaciones
No has intentado esta prueba.